Сводный план научно-исследовательских работ на 1931 год. Вып. 4: VII-Ж. Анилиновые красители (Запись № 13588683)

Подробности
000 -МАРКЕР
контрольное поле 01116nam2a2200241 4500
001 - ИДЕНТИФИКАТОР ЗАПИСИ
контрольное поле rc\2892334
005 - ИДЕНТИФИКАТОР ВЕРСИИ
контрольное поле 20260315053127.0
035 ## - ДРУГИЕ СИСТЕМНЫЕ НОМЕРА
Идентификатор записи (NLR Aleph) 007044599
100 ## - ДАННЫЕ ОБЩЕЙ ОБРАБОТКИ
Данные общей обработки 20110725d1931 u y0rusy50 ca
101 0# - ЯЗЫК РЕСУРСА
Язык текста, звукозаписи и т.д. русский
102 ## - СТРАНА ПУБЛИКАЦИИ ИЛИ ПРОИЗВОДСТВА
Страна публикации Российская Федерация
105 ## - ПОЛЕ КОДИРОВАННЫХ ДАННЫХ: ТЕКСТОВЫЕ МАТЕРИАЛЫ, МОНОГРАФИЧЕСКИЕ
Кодированные данные о монографическом текстовом документе y z |||||
200 1# - ЗАГЛАВИЕ И СВЕДЕНИЯ ОБ ОТВЕТСТВЕННОСТИ
Основное заглавие VII-Ж. Анилиновые красители
210 ## - ПУБЛИКАЦИЯ, РАСПРОСТРАНЕНИЕ И ДР.
Дата издания, распространения и т.д. [1931]
215 ## - ФИЗИЧЕСКАЯ ХАРАКТЕРИСТИКА
Специфическое обозначение материала и объем 7 с.
461 #0 - УРОВЕНЬ НАБОРА
Встроенное поле 001rc\2892330
-- 2001#$aСводный план научно-исследовательских работ на 1931 год$eВып. 1-$fВСНХ СССР. Науч.-иссл. сектор$vВып. 4
Системный номер (АБИС) связанной записи 6130705
Автор СССР (до 1932 г.). Высший совет народного хозяйства
Место публикации [Москва]
Дата публикации [1931]
Первые сведения об ответственности ВСНХ СССР, Научно-исследовательский сектор
Имя издателя, распространителя и т.д. Огиз
Заглавие Сводный план научно-исследовательских работ на 1931 год
Номер тома Вып. 4
517 00 - ДРУГИЕ ВАРИАНТЫ ЗАГЛАВИЯ
Вариант заглавия Анилиновые красители
801 #0 - ИСТОЧНИК ЗАПИСИ
Страна Российская Федерация
Организация NLR
Правила каталогизации psbo
801 #1 - ИСТОЧНИК ЗАПИСИ
Страна Российская Федерация
Организация ELAR
Источник данных rusmarc
852 ## - МЕСТОНАХОЖДЕНИЕ И ШИФР ХРАНЕНИЯ
Идентификатор организации NLR
Шифр хранения (Call Number) 32-19/17
942 ## - ДОПОЛНИТЕЛЬНЫЕ ЭЛЕМЕНТЫ ЗАПИСИ (АБИС)
Тип экземпляра АБИС Неопределено
980 ## - КОЛЛЕКЦИЯ
Название коллекции Национальная библиография

Нет доступных экземпляров.